| 000 | 00685nam a2200217 a 4500 | ||
|---|---|---|---|
| 001 | BRCA_710 | ||
| 005 | 20190320203121.0 | ||
| 008 | 750723s1950 sp-a---###---#000-0#spa-d | ||
| 020 | _a8428201412 | ||
| 040 |
_aDLC _dDLC |
||
| 050 | 4 |
_aN8010 _b.F47 1950 |
|
| 100 | 1 |
_aFerrando Roig, Juan _92340 |
|
| 245 | 1 | 0 |
_aIconografía de los santos _cJuan Ferrando Roig. |
| 260 |
_aBarcelona _bOmega _c1950 |
||
| 300 |
_a302 p. _bil. _c24 cm. |
||
| 500 | _aIncluye índice de atributos, patrocinio de los santos e índice alfabético de los santos tratados en esta obra | ||
| 650 | 1 | 4 |
_aSantos _vDiccionarios _xEspañol _92341 |
| 650 | 1 | 4 |
_aSantos en el arte _92342 |
| 902 | _aREF | ||
| 942 |
_2lcc _cB |
||
| 999 |
_c613 _d613 |
||